'M' Books by Cover Quiz Stats

 Plays Quiz Updated Apr 27, 2016

Also try: 'L' Books by Cover
Challenge
Share
Tweet
Score 0/15 Timer 05:00
0 Plays Today
Book % Correct
A1Moby-Dick
97.6%
C3Mein Kampf
83%
B1Marley and Me
75.3%
B4Matilda
74.9%
B2Memoirs of a Geisha
63.8%
A5Madeline
57%
B5Madame Bovary
50.2%
A2The Man in the Iron Mask
43.1%
Book % Correct
A3Mansfield Park
38.9%
C2My Sister's Keeper
36.2%
A4Mrs. Dalloway
33.8%
B3Middlemarch
32.5%
C5Middlesex
23.8%
C4Mr. Brown Can Moo! Can You?
21.3%
C1The Magicians
13%

You're not logged in!

Compare scores with friends on all Sporcle quizzes.
Join for Free
OR
Log In

You Might Also Like...

Show Comments

Extras

Top Quizzes Today


Score Distribution

Your Account Isn't Verified!

In order to create a playlist on Sporcle, you need to verify the email address you used during registration. Go to your Sporcle Settings to finish the process.

Report this User

Report this user for behavior that violates our Community Guidelines.

Details: